Nghệ thuật trào phúng độc đáo, đặc sắc trong vi hành của Nguyễn Ái Quốc /

Spremljeno u:
Bibliografski detalji
Glavni autor: Nguyễn Thanh Tú
Format: Članak
Jezik:Vietnamese
Teme:
Oznake: Dodaj oznaku
Bez oznaka, Budi prvi tko označuje ovaj zapis!
Thư viện lưu trữ: Thư viện Trường Đại học Đà Lạt
LEADER 00760nam a2200265 4500
001 DLU060052655
040 # # |a DLU  |b vie 
041 # # |a vie 
044 # # |a vn 
100 # # |a Nguyễn Thanh Tú 
245 # # |a Nghệ thuật trào phúng độc đáo, đặc sắc trong vi hành của Nguyễn Ái Quốc /  |c Nguyễn Thanh Tú 
653 # # |a Nghiên cứu văn học 
653 # # |a Trào phúng 
773 # # |t Ngôn ngữ  |g Số 6, 2005, tr.13-17 
920 # # |a Phòng Tạp chí -- Trung tâm Thông tin - Thư viện Trường Đại học Đà Lạt 
933 # # |a CT, TN 
994 # # |a DLU 
900 # # |a True 
911 # # |a Nguyễn Thị Yên 
925 # # |a G 
926 # # |a A 
927 # # |a BB 
980 # # |a Thư viện Trường Đại học Đà Lạt